Представление документа в формате MARC21

Поле Инд. ПП Название Значение
Тип записи a
Библиографический уровень m
001 Контрольный номер RU/IS/BASE/380206821
005 Дата корректировки 20220805121051.5
040 b Код языка каталог. rus
041 0_ a Код языка текста rus
080 a Индекс УДК 004.42
084 a Индекс другой классификации/Индекс ББК 32.973.26-018.2
090 a Полочн. индекс 681.3
c Каталожный индекс 681.3.06
x Авторский знак П75
097 b Оператор 11
245 10 a Заглавие Прикладное программирование в системе КАМА
c Ответственность В. А. Кувыкин [и др.]
260 a Место издания М.
b Издательство Финансы и статистика
c Дата издания 1983
300 a Объем 271 с.
510 a Примечание о ссылках Книги и методические пособия
650 a Основная рубрика 50.41 Программное обеспечение вычислительных машин, комплексов и сетей
x Основная подрубрика 50.41.25 Прикладное программное обеспечение
653 a Ключевые слова программирование; программы (выч. техника); прикладные программы
901 t Тип документа m